000 01398nam0a2200313 4500
001 RU\NLR\bibl\1763129
005 20250616124857.0
010 _a978-5-262-00558-1
_930
021 _aRU
_b2011-25275
_91797
035 _a(NLR Aleph) 001753933
090 _a1536182
_c1536182
100 _a20110427d2010 |||y0rusy50 ca
101 0 _arus
102 _aRU
105 _ay |||||||||
200 1 _aПравовая природа договора перевозки грузов железнодорожным транспортом
_fЮ.Р. Попкова
210 _aХабаровск
_cИзд-во ДВГУПС
_d2010
215 _a63, [1] с.
_d20
225 1 _aПрепринт
_fМ-во трансп. Рос. Федерации, Федер. агентство ж.-д. трансп., Гос. образоват. учреждение высш. проф. образования "Дальневост. гос. ун-т путей сообщения"
_v№ 73
320 _aБиблиогр. в подстроч. примеч.
606 1 _aДоговоры перевозки
_yРоссийская Федерация
_92140305
_3RU\NLR\auth\661290089
686 _aХ623.211.9
700 1 _aПопкова
_bЮ. Р.
_gЮлия Раимжановна
_4070
801 0 _aRU
_bNLR
_c20110427
_gRCR
801 1 _aRU
_bNLR
_c20110427
942 _cBOOK
980 _aNB
980 _aNBR